| 000 | 00742nam a2200229Ia 4500 | ||
|---|---|---|---|
| 003 | GCL | ||
| 008 | 140319s9999 xx 000 0 ara d | ||
| 040 |
_aGCL / _cGCL |
||
| 082 | 0 | 4 |
_a301.21 _bب ا |
| 100 | 1 | _aحسن محمد جوهر | |
| 245 | 1 | 0 |
_aالوان من ثقافات الشعوب / _cحسن محمد جوهر |
| 700 | 1 | _aعمر الدسوقى | |
| 700 | 1 | _aمحمد مرسى ابوالليل | |
| 700 | 1 | _aبندكت، روس | |
| 700 | 1 | _aمحمد محمد عبدالرحمن | |
| 300 | _a301 ص | ||
| 490 |
_aالهيئة العامة للاستعلامات _v0 |
||
| 650 | 0 | 4 | _aالثقافة |
| 650 | 0 | 4 | _aالانثربولوجيا الثقافية |
| 650 | 0 | 4 | _aالثقافة - المكسيك |
| 942 |
_2ddc _cBK |
||
| 999 |
_c47218 _d47218 |
||